| 000 | 01128 a2200169 4500 | ||
|---|---|---|---|
| 003 | Nust | ||
| 005 | 20221219112312.0 | ||
| 040 | _cNust | ||
| 082 | _a150, TOL | ||
| 100 |
_aEdward Chace Tolman _9105184 |
||
| 245 |
_aBehavior and Phychological man _cEdward Chace Tolman |
||
| 260 |
_aAmerica _bUniversity of california _c1966 |
||
| 300 | _axiv,269p.; | ||
| 505 | _aA new Formula for Behaviorism(Page-1), Can be Given Up in Psychology (Page-9), A Behaviouristic Account of the Emotions(Page-23), Purpose and Cognition(Page-32) , A behavior Theory of Ideas (Page-38), A Behaviorists Definition of Consciousness (Page-63) Sign Gestalt of Condition Reflex?(Page- 63), Psychology versus Immediate Experiences (Page- 94), Operational Behaviors and Current Trends in Psychology (Page-115), The Acquisition of String Pulling by Tats (Page-130), Determiners of Behavior at the a Choice (Page-Points (Page-144), Physiology Psychology Physiology (Page- 179), Predicate of Vicarious Trial and Error (Page-190), Cognitive Maps in Rats and Men (Page-241), Bibliography (Page-265). | ||
| 650 |
_apsychological _9105185 |
||
| 942 |
_2ddc _cBK |
||
| 999 |
_c193735 _d193735 |
||